| 000 | 01731nam a2200517 i 4500 | ||
|---|---|---|---|
| 001 | 20313 | ||
| 003 | CZ PrNK | ||
| 005 | 20260121115910.0 | ||
| 007 | ta | ||
| 008 | 220429s2019 xr e 000 0bslo | ||
| 015 | _acnb003418661 | ||
| 020 |
_a9788087685792 _q(vázáno) |
||
| 035 | _a(OCoLC)1335742266 | ||
| 040 |
_aBOA001 _bcze _dABA001 _erda |
||
| 043 | _ae-xo--- | ||
| 045 | _ax8y1 | ||
| 072 | 7 |
_a78.07 _xHudebníci, skladatelé a jiná hudební povolání _2Konspekt |
|
| 072 | 7 |
_a929 _xBiografie _2Konspekt |
|
| 080 |
_a78.03.011.26.071.2-055.2 _2MRF |
||
| 080 |
_a78.03.011.26 _2MRF |
||
| 080 |
_a929 _2MRF |
||
| 080 |
_a(437.6) _2MRF |
||
| 080 |
_a(092) _2MRF |
||
| 100 | 1 |
_aČermáková, Dana, _d1960- _4aut |
|
| 245 | 1 | 0 |
_aZuzana Smatanová / _cDana Čermáková |
| 250 | _aPrvé vydanie | ||
| 264 | 1 |
_a[Praha] : _bImagination of People, _c2019 |
|
| 300 |
_a125 stran ; _c22 cm + _e1 plakát (80 x 56 cm složeno na 20 x 14 cm) |
||
| 336 |
_atext _btxt _2rdacontent |
||
| 337 |
_abez média _bn _2rdamedia |
||
| 338 |
_asvazek _bnc _2rdacarrier |
||
| 490 | 1 | _aPortréty | |
| 500 | _aObálkový podnázev: srdce je jediný zvuk... | ||
| 600 | 1 | 7 |
_aSmatanová, Zuzana, _d1984- _2czenas |
| 648 | 7 |
_a20.-21. století _2czenas |
|
| 648 | 7 |
_a21. století _2czenas |
|
| 650 | 0 | 7 |
_apopulární zpěvačky _zSlovensko _y20.-21. století _2czenas |
| 650 | 0 | 7 |
_apopulární hudba _zSlovensko _y21. století _2czenas |
| 650 | 0 | 9 |
_apopular women singers _zSlovakia _y20th-21st centuries _2eczenas |
| 650 | 0 | 9 |
_apopular music _zSlovakia _y21st century _2eczenas |
| 655 | 7 |
_abiografie _2czenas |
|
| 655 | 9 |
_abiography _2eczenas |
|
| 830 | 0 | _aPortréty (Imagination of People) | |
| 910 | _aABA001 | ||
| 942 |
_2ddc _cOLDO _n0 |
||
| 999 |
_c20313 _d20313 |
||